Escritos literarios y políticos de Don Adolfo Ballivián, publicados con su retrato y una introducción
Сохранить в:
| Главный автор: | |
|---|---|
| Формат: | |
| Язык: | испанский |
| Опубликовано: |
Valparaíso
Imprenta del Mercurio, de Tornero y Letelier
1874
|
| Редактирование: | 1a. ed |
| Предметы: | |
| Метки: |
Добавить метку
Нет меток, Требуется 1-ая метка записи!
|
MARC
| LEADER | 00000nam a2200000 a 4500 | ||
|---|---|---|---|
| 001 | UCJ4960 | ||
| 003 | CL-VaPUC | ||
| 008 | 070124e18740000CL |||||||||||||||||spa|d | ||
| 082 | 0 | 4 | |a 984 |b ACO |2 21 |
| 100 | 0 | |a Acosta, Nicolás |e author |9 509555 | |
| 245 | 1 | 0 | |a Escritos literarios y políticos de Don Adolfo Ballivián, publicados con su retrato y una introducción |
| 250 | |a 1a. ed | ||
| 300 | |a 212 p | ||
| 942 | |c BK | ||
| 945 | |d 20070124 00:00:00 |a rinostro | ||
| 260 | |a Valparaíso |b Imprenta del Mercurio, de Tornero y Letelier |c 1874 | ||
| 500 | |a El ejemplar aquí registrado no incluye el retrato que se menciona en la portada. Empastado junto a otras monografías en un volumen rotulado Biografía e Historia relativas a Perú i Bolivia; ubicación 985 EJE | ||
| 600 | 0 | 7 | |a BALLIVIAN, ADOLFO |2 CL-VaPUC |9 507005 |
| 650 | 7 | |a BIOGRAFIA |2 CL-VaPUC |9 504622 | |
| 650 | 7 | |a DISCURSOS PARLAMENTARIOS |2 CL-VaPUC |9 504230 | |
| 650 | 0 | |a Poesía |9 265825 | |
| 650 | 7 | |a FABULAS |2 CL-VaPUC |9 509556 | |
| 650 | 7 | |a PRESIDENTES DE BOLIVIA |2 CL-VaPUC |9 489749 | |
| 651 | 0 | |a Bolivia |9 255454 | |
| 583 | |a last modification |c 20070124 00:00:00 |k Rodrigo Vera | ||
| 999 | |c 321074 |d 321072 | ||
| 952 | |0 0 |1 0 |4 0 |6 984_000000000000000_ACO_1874 |7 0 |8 X |9 399736 |a FDOBUD |b FDOBUD |d 2019-11-22 |i 1028251 |o 984 ACO 1874 |p 1028251 |r 2019-11-22 |w 2019-11-22 |y BK_X |k BUD | ||